KOHA-Header-6

Understanding Psychology (Record no. 7653)

000 -LEADER
fixed length control field 00241nam a2200109Ia 4500
020 ## - INTERNATIONAL STANDARD BOOK NUMBER
ISBN 978-0072326000
100 ## - MAIN ENTRY--AUTHOR NAME
Personal name Feldman,Robert S.
245 #0 - TITLE STATEMENT
Title Understanding Psychology
260 ## - PUBLICATION, DISTRIBUTION, ETC. (IMPRINT)
Place of publication New york
Name of publisher Education
Year of publication 1999
300 ## - PHYSICAL DESCRIPTION
Number of Pages 773
942 ## - ADDED ENTRY ELEMENTS (KOHA)
Koha item type Books
Holdings
Withdrawn status Lost status Permanent Location Current Location Date acquired Full call number Accession Number Koha item type
    MAJU MAJU 2019-09-12 150 1638 Books

Powered by Koha